000 01781cam a2200229 4500
001 L136913
008 070302n2007 000 0 eng u
035 _a(Sirsi) u136913
041 0 _aeng
050 _a614.76 $2 18
110 2 _aUnited Kingdom
_bDepartment of Trade and Industry
245 0 0 _aWEEE regulations
_bGovernment guidance notes
_h[electronic resource]
260 _aLondon
_DTI
_c2007
505 2 _aWho is affected by the WEEE Regulations? -- To what electrical and electronic equipment do the WEEE Regulations apply? -- Consumers of Household EEE -- Distributors of EEE in the UK -- Producers of EEE -- Producer Compliance Schemes -- Local Authorities & WEEE -- Non-household EEE & WEEE -- Treatment Facilities and Exporters of WEEE -- Re-use of WEEE as Whole Appliances -- Evidence of Compliance -- The Settlement Centre -- Annex A ? Categories of EEE cover by the WEEE Regulations -- Annex B ? Decision tree on scope issues -- Annex C ? Household & non-household criteria.
520 _aCovers the obligations which the WEEE Regulations place on producers who put electrical and electronic equipment (EEE) onto the UK market and obligations on distributors of EEE in the UK. Also covers the roles and implications for others including Local Authorities, the waste management industry, the charitable and voluntary sector, and implications for users and consumers of EEE, and others.
590 _aKA NTK
650 2 4 _aWASTE ELECTRICAL AND ELECTRONIC EQUIPMENT REGULATIONS
651 4 _aUnited Kingdom
_y
690 _aENVIRONMENTAL AND LAND CONSULTANCY-WASTE MANAGEMENT-HAZARDOUS WASTE TREATMENT
856 4 0 _uhttps://www.dti.gov.uk/innovation/sustainability/weee/page30269.html
_zView the guidance notes free of charge at www.dti.gov.uk...
942 _n0
999 _c106545
_d106545